000 00941nam0a22002651 4500
001 RU\NLR\INFOCOMM_18\5000665302
005 20250613095624.0
035 _a(NLR Aleph) 009300724
090 _a9277200
_c9277200
100 _a20101020d1965 |||y0rusy50 ca
101 1 _aeng
_arus
_ceng
_geng
102 _aRU
105 _ay ||||000|y
200 1 _aEssential Russian-English dictionary
_fB. G. Anpilogova, E. Y. Vladimirsky, V. I. Zimin, E. Y. Sosenko
_g[Engl. transl. by V. Korotky]
210 _aΜ.
_c"Progress"
_d1965
215 _a180 с.
_d22 см
300 _aНа переплете сост. не указаны
300 _aНа обороте тит. л.: Русско-английский лексический минимум
686 _aЯ188-389
_2rubbk
702 1 _aAnpilogova
_bB. G.
_4220
801 1 _aRU
_bNLR
_c20101020
801 0 _aRU
_bNLR
_gPSBO
852 _aNLR
_jЯ61 Г-5/281
_y2 экз.
942 _cBOOK
980 _aNB